000
00318nam a22001337a 4500
008
170623b xxu||||| |||| 00| 0 eng d
020
_a
9780964418417
041
_a
eng
080
_a
94(4)
100
_a
21
101
_a
SHP
245
_a
LAND OF FIREBIRD THE BEATY OF OLD RUSSIA
_c
MASSIE.S
942
_2
udc
_c
BK
999
_c
18981
_d
18981